Языковая подготовка как важное условие преобразования Томского политехнического университета в университет инновационного типа; Прикладная филология и инженерное образование; Ч. 2

Bibliografiset tiedot
Parent link:Прикладная филология и инженерное образование: сборник научных трудов IV Международной научно-практической конференции/ Томский политехнический университет; Институт языковой коммуникации; под ред. И. А. Черемисиной.— , 2006
Ч. 2.— 2006.— С. 140-150
Päätekijä: Велединская С. Б. Светлана Борисовна
Kieli:venäjä
Julkaistu: 2006
Aiheet:
Aineistotyyppi: MixedMaterials Kirjan osa
KOHA link:https://koha.lib.tpu.ru/cgi-bin/koha/opac-detail.pl?biblionumber=123197

MARC

LEADER 00000naa2a2200000 4500
001 123197
005 20231031130416.0
035 |a (RuTPU)RU\TPU\book\133368 
090 |a 123197 
100 |a 20071012d2006 k y0rusy50 ca 
101 0 |a rus 
102 |a RU 
200 1 |a Языковая подготовка как важное условие преобразования Томского политехнического университета в университет инновационного типа  |f С. Б. Велединская 
320 |a Библиогр.: 7 назв. 
461 1 |0 (RuTPU)RU\TPU\book\111917  |t Прикладная филология и инженерное образование  |o сборник научных трудов IV Международной научно-практической конференции  |f Томский политехнический университет; Институт языковой коммуникации; под ред. И. А. Черемисиной  |d 2006 
463 0 |0 (RuTPU)RU\TPU\book\111466  |t Ч. 2  |v С. 140-150  |d 2006  |p 344 с. 
610 1 |a инновационный университет 
610 1 |a Томский политехнический университет 
610 1 |a языковая подготовка 
610 1 |a инженерное образование 
610 1 |a иностранные языки 
610 1 |a труды учёных ТПУ 
700 1 |a Велединская  |b С. Б.  |c лингвист  |c доцент Томского политехнического университета, кандидат филологических наук  |f 1966-  |g Светлана Борисовна  |2 stltpush  |3 (RuTPU)RU\TPU\pers\24560 
801 1 |a RU  |b 63413507  |c 20071012  |g PSBO 
801 2 |a RU  |b 63413507  |c 20170310  |g RCR 
942 |c BK